00825nam a2200181 a 450000100100000000500170001000800410002702000150006804000250008308200170010810000560012524502000018126000580038130000360043960000560047565000500053165100620058100004429320250217091458.0140612s2006 dr ab 000 0bspa d a9945859404 aDO-SdBNPbspacBNPHU a922.2bL864m1 a López Rodríguez, Nicolás de Jesús, d1936-10aMi vida pastoral :bministerio episcopal en San Francisco de Macorís 1978-1981 y 25 años pastoreando la Arquidiócesis de Santo Domingo 1981-2006 /cNicolás de Jesús López Rodríguez. aSanto Domingo :bArzobispado de Santo Domingo,c2006. a453 p. :bil., retrs. ;c23 cm.10a López Rodríguez, Nicolás de Jesús, d1936- 4aObisposzRepública DominicanavBIOGRAFÍAS 4aRepública DominicanaxHistoria EclesiásticaySIGLO XX